Normal view
MARC view
Entry Personal Name
001 - CONTROL NUMBER
- control field: 25747
003 - CONTROL NUMBER IDENTIFIER
- control field: OSt
005 - DATE AND TIME OF LATEST TRANSACTION
- control field: 20230612135420.0
008 - FIXED-LENGTH DATA ELEMENTS
- fixed length control field: 230612|| aca||aabn | a|a d
040 ## - CATALOGING SOURCE
- Original cataloging agency: OSt
- Transcribing agency: OSt
100 ## - HEADING--PERSONAL NAME
- Personal name: ၼမ်ႉဝၢႆၶျွင်း(ၵျွၵ်ႉမႄး)၊
- Titles and other words associated with a name: ၸရေး။
670 ## - SOURCE DATA FOUND
- Source citation: Work cat.: (OSt): ၼမ်ႉဝၢႆၶျွင်း(ၵျွၵ်ႉမႄး)၊ ၸရေး။, သႃႇသၼႃႇတွင်းပၢၼ်ႇ /, 2014 ။